000 01101nam a22003497a 4500
001 000102193
003 CHAP
005 20250819101531.0
008 100609s2007 mx a r 00010 spa d
010 _a98656
011 _a99628
020 _a9789680203543
035 _a110314
040 _cCHAP
082 0 4 _a636.518
_bG13
245 1 4 _aLos gallos de pelea como un agronegocio /
_c/por Marco Portillo Vázquez ...[ét al.].
260 _aChapingo, Méx. :
_bUACH. División de Ciencias Económico Administrativas,
_c2007.
300 _a74 p. :
_bilus.
590 _aBATCH-UPD
_b10
_c20130110
_lUCH01
_h1622
590 _aBATCH-UPD
_b10
_c20130410
_lUCH01
_h1016
590 _aBATCH-UPD
_b10
_c20130914
_lUCH01
_h0456
590 _aCONVERSION
_b10
_c20130109
_lUCH01
_h1354
590 _aE5995AHE
_b05
_c20150326
_lUCH01
_h0934
650 1 4 _aAvicultura.
650 1 4 _aPelea de gallos.
_986614
700 1 _aPortillo Vázquez, Marcos
_991007
901 _aBK
911 _aen proceso
942 _cLIBRO
942 _n0
949 _a636.518 G13
_bBC
_cUACH
_d33724002174264
_eUACH
_h112804
_i110314
_sb
999 _c98656
_d98656